Numerické metódy, pravdepodobnosť a matematická štatistika v počítačovom prostredí MATLABu

Bibliographic Details
Main Authors: Daňo, Ivan, 1953- (Author), Ostertagová, Eva (Author)
Format: Book
Language:Slovak
PhysicalDescription:102 s. grafy, tab. 30 cm
Published: Košice Elfa 2008
ISBN:9788080860882
Edition:1. vyd.
Subjects:

MARC

LEADER 00000nam a2200000 a 4500
001 vtls009517496
003 SK-MaSNL
005 20260302010135.0
008 240313s2008 xo dl d p 000 0 slo
015 |a SNBA2009/05-02697 
020 |a 9788080860882  |q (brož.) 
035 |a 12A5427C-D1F2-4CFD-81BD-93728C98246B 
035 |a urn:nbn:sk:snk-amjw3c 
035 |a urn:nbn:sk:snk-am0084kk 
040 |a SNK  |b slo  |c SNK  |e AACR2 
041 0 |a slo 
044 |a xo  |c SK 
072 7 |a 519  |x Kombinatorika. Teória grafov. Matematická štatistika. Operačný výskum. Matematické modelovanie  |2 konspekt 
072 7 |a 37.016  |x Učebné osnovy. Vyučovacie predmety. Učebnice  |2 konspekt 
080 |a 004.42MATLAB  |2 2001 
080 |a 519.6  |2 2001 
080 |a 519.22  |2 2001 
080 |a (075.8)  |2 2001 
080 |a 519.21  |2 2001 
100 1 |a Daňo, Ivan,  |d 1953-  |4 aut  |9 11107 
245 1 0 |a Numerické metódy, pravdepodobnosť a matematická štatistika v počítačovom prostredí MATLABu  |c Ivan Daňo, Eva Ostertagová 
250 |a 1. vyd. 
260 |a Košice  |b Elfa  |c 2008 
300 |a 102 s.  |b grafy, tab.  |c 30 cm 
366 |e 100 výt. 
504 |a Bibliogr. s. 102 
650 0 7 |a MATLAB (softvér)  |2 SNKPH  |9 68089 
650 0 7 |a numerické metódy  |2 SNKPH  |9 3947 
650 0 7 |a matematická štatistika  |2 SNKPH  |9 777 
650 0 7 |a pravdepodobnostné metódy  |2 SNKPH  |9 472207 
655 7 |a učebnice vysokých škôl  |2 SNKPH  |9 70191 
700 1 |a Ostertagová, Eva  |4 aut  |9 40692 
919 |a 978-80-8086-088-2 
958 |a NB 
968 |d 0 
999 |c 1002064  |d 1003994 
952 |a SNK  |b SNK  |y PREZ  |7 0  |p 17A0622188  |o snkSB 77806  |i snk2009/9388  |8 0  |0 0  |1 0  |4 0  |d 2009-05-27  |f 1  |l 0  |r 2025-04-28 00:00:00  |w 2026-02-24 
952 |a SNK  |b SNK  |y VYP  |7 0  |p 17A0622189  |o snkSB 77806 D1  |i snk2009/9389  |8 0  |0 0  |1 0  |4 0  |d 2009-05-27  |l 0  |r 2016-06-30 00:00:00  |w 2026-02-24